Central Library OPAC University of Rajshahi

The theory and management of systems / (Record no. 15991)

MARC details
000 -LEADER
fixed length control field 00971cam a22002891 4500
001 - CONTROL NUMBER
control field 15991
003 - CONTROL NUMBER IDENTIFIER
rucl marc code BD-RjUL
005 - DATE AND TIME OF LATEST TRANSACTION
control field 20211208235928.0
008 - FIXED-LENGTH DATA ELEMENTS--GENERAL INFORMATION
fixed length control field 140211t1967 nyua b 001 0 eng
035 ## - SYSTEM CONTROL NUMBER
System control number (BD-RjUL) 16046
System control number (OCoLC)191288
040 ## - CATALOGING SOURCE
Original cataloging agency DLC
Transcribing agency OUrC
Modifying agency OCoLC
-- Uk
-- DLC
-- BD-RjUL
Language of cataloging eng
041 ## - LANGUAGE CODE
Language code of text/sound track or separate title eng
082 00 - DEWEY DECIMAL CLASSIFICATION NUMBER
Classification number 658.00184
Author mark and year JOT 1967
100 1# - MAIN ENTRY--PERSONAL NAME
Personal name Johnson, Richard Arvid,
Dates associated with a name 1917-
9 (RLIN) 49532
245 14 - TITLE STATEMENT
Title The theory and management of systems /
Statement of responsibility, etc. [by] Richard A. Johnson, Fremont E. Kast [and] James E. Rosenzweig.
250 ## - EDITION STATEMENT
Edition statement 2nd ed.
260 ## - PUBLICATION, DISTRIBUTION, ETC. (IMPRINT)
Place of publication, distribution, etc. New York :
Name of publisher, distributor, etc. McGraw-Hill Book Co.,
Date of publication, distribution, etc. c1967
300 ## - PHYSICAL DESCRIPTION
Pagination xiv, 513 p. :
Illustrations ill. ;
Size 23 cm.
504 ## - BIBLIOGRAPHY, ETC. NOTE
Bibliography, etc includes index.
650 #0 - SUBJECT ADDED ENTRY--TOPICAL TERM
Topical term or geographic name as entry element Operations research.
9 (RLIN) 49533
Topical term or geographic name as entry element Industrial management.
9 (RLIN) 49534
700 1# - ADDED ENTRY--PERSONAL NAME
Personal name Kast, Fremont Ellsworth,
Dates associated with a name 1926-
Relator term joint author.
Personal name Rosenzweig, James Erwin,
Dates associated with a name 1929-
Relator term joint author.
942 ## - ADDED ENTRY ELEMENTS (KOHA)
Source of classification or shelving scheme Dewey Decimal Classification
Koha item type Books
Holdings
Lost status Source of classification or shelving scheme Damaged status Not for loan Collection code Permanent Location Current Location Shelving location Date acquired Source of acquisition Cost, normal purchase price Total Checkouts Full call number Date last seen Copy number Koha item type
  Dewey Decimal Classification     Non-fiction Central Library, University of Rajshahi Central Library, University of Rajshahi   21/07/1971 Zeitlinger 100.00   658.00184 JOT 1967 11/02/2014 C-3 Books
  Dewey Decimal Classification     Non-fiction Central Library, University of Rajshahi Central Library, University of Rajshahi   17/07/1973 Mollik Brothers. 39.60   658.00184 JOT 1967 11/02/2014 C-5 Books
  Dewey Decimal Classification   Not For Loan Non-fiction Central Library, University of Rajshahi Central Library, University of Rajshahi Reading Room 21/07/1971 Zeitlinger 100.00   658.00184 JOT 1967 21/12/2016 C-1 Books
  Dewey Decimal Classification     Non-fiction Central Library, University of Rajshahi Central Library, University of Rajshahi   21/07/1971 zeitlinger 100.00   658.00184 JOT 1967 07/05/2019 C-2 Books
  Dewey Decimal Classification     Non-fiction Central Library, University of Rajshahi Central Library, University of Rajshahi   21/07/1971 zeitlinger 100.00   658.00184 JOT 1967 07/05/2019 C-5 Books